|
|
|
|
| LEADER |
01828nam a2200445 a 4500 |
| 001 |
29555 |
| 003 |
BD-DhAAL |
| 005 |
20200503201255.0 |
| 008 |
150803r20082003enk b 000 1 eng |
| 999 |
|
|
|c 35137
|d 35137
|
| 010 |
|
|
|a 2003283123
|
| 020 |
|
|
|a 9780199535538
|
| 020 |
|
|
|a 019280264X (pbk.)
|
| 040 |
|
|
|a DLC
|c DLC
|d DLC
|d BD-DhAAL
|
| 050 |
0 |
0 |
|a PR4034
|b .M3 2003b
|
| 082 |
0 |
4 |
|a 823.7
|
| 100 |
1 |
|
|a Austen, Jane,
|d 1775-1817.
|9 5628
|
| 245 |
1 |
0 |
|a Mansfield Park /
|c Jane Austen ; edited by James Kinsley ; with an introduction and notes by Jane Stabler.
|
| 250 |
|
|
|a New edition
|
| 260 |
|
|
|a Oxford ;
|a New York :
|b Oxford University Press,
|c 2003 [reissued 2008]
|
| 300 |
|
|
|a xlix, 418 pages ;
|c 20 cm.
|
| 490 |
1 |
|
|a Oxford world's classics
|
| 504 |
|
|
|a Bibliography: p. [xxxviii]-xliii.
|
| 541 |
|
|
|e 29555
|
| 650 |
|
0 |
|a Young women
|x Fiction.
|9 5822
|
| 650 |
|
0 |
|a Children of the rich
|v Fiction.
|9 11401
|
| 650 |
|
0 |
|a Country homes
|v Fiction.
|9 5729
|
| 650 |
|
0 |
|a Poor families
|v Fiction.
|9 13474
|
| 650 |
|
0 |
|a Adoptees
|v Fiction.
|9 13475
|
| 650 |
|
0 |
|a Cousins
|v Fiction.
|9 13476
|
| 650 |
|
0 |
|a Uncles
|v Fiction.
|9 13477
|
| 651 |
|
0 |
|a England
|v Fiction.
|9 13478
|
| 655 |
|
7 |
|a Domestic fiction.
|2 lcsh
|9 40160
|
| 655 |
|
7 |
|a Love stories.
|2 gsafd
|9 40161
|
| 700 |
1 |
|
|a Kinsley, James.
|9 13480
|
| 830 |
|
0 |
|a Oxford world's classics (Oxford University Press)
|9 6264
|
| 852 |
|
|
|a Ayesha Abed Library
|c General Stacks
|
| 942 |
|
|
|2 ddc
|c BK
|
| 952 |
|
|
|0 0
|1 0
|2 ddc
|4 0
|6 823_700000000000000_AUS
|7 0
|9 55086
|a BRACUL
|b BRACUL
|c GEN
|d 2015-08-03
|e Riza Enterprise
|g 280.00
|l 18
|m 43
|o 823.7 AUS
|p 3010029555
|r 2026-05-13
|s 2026-05-07
|t 1
|w 2015-08-03
|y BK
|
| 952 |
|
|
|0 0
|1 0
|2 ddc
|4 0
|6 823_700000000000000_AUS
|7 0
|9 55087
|a BRACUL
|b BRACUL
|c GEN
|d 2015-08-03
|e Riza Enterprise
|g 280.00
|l 15
|m 109
|o 823.7 AUS
|p 3010029556
|r 2026-03-03
|s 2026-02-17
|t 2
|w 2015-08-03
|y BK
|